000
00233nam a2200097Ia 4500
008
170619s9999 xx 000 0 und d
100
_a
Gayakwad R A
245
0
_a
OP AMP Linear Integrated Circuit
260
_b
New Delhi: PHI
260
_c
2000
546
_a
ENGLISH
999
_c
16124
_d
16124